| 000 | 00464nam a2200157Ia 4500 | ||
|---|---|---|---|
| 003 | OSt | ||
| 005 | 20200703115041.0 | ||
| 008 | 190216s9999||||xx |||||||||||||| ||und|| | ||
| 040 | _coclc | ||
| 082 |
_a942 _bMUI/S |
||
| 100 |
_aMuir, Ramsay _93505 |
||
| 245 | 0 |
_aA Short History Of The British Commonwealth / _cRamsay Muir |
|
| 260 |
_bGeorge Philip & Son, _c1934. _aLiverpool: |
||
| 300 | _a824p | ||
| 942 |
_cBK _2ddc _h942 _iMUI/S _k942 _mMUI/S |
||
| 999 |
_c19042 _d19042 |
||